F. Scott Fitzgerald Novels Quiz Stats

 Plays Quiz Updated Jun 1, 2016

Challenge
Share
Tweet
Embed
Score 0/5 Timer 02:00
0 Plays Today
Year Novel % Correct
1925The Great Gatsby
99%
1934Tender is the Night
61.8%
1920This Side of Paradise
47.6%
1941The Last Tycoon
43.8%
1922The Beautiful and Damned
43.1%

You're not logged in!

Compare scores with friends on all Sporcle quizzes.
OR
Log In

You Might Also Like...

Show Comments

Extras

Top Quizzes Today


Score Distribution

Your Account Isn't Verified!

In order to create a playlist on Sporcle, you need to verify the email address you used during registration. Go to your Sporcle Settings to finish the process.

Report this User

Report this user for behavior that violates our Community Guidelines.

Details: